000 00585nam a22002057a 4500
999 _c20188
_d20188
003 AR-CdUCM
008 190304b ||||| |||| 00| 0 spa d
040 _aMUNICIPALIDAD PROVINCIAL DEL CUSCO
_cBIBLIOTECA MUNICIPAL DEL CUSCO
041 _heng
082 _aSI/868 /
_bM32
100 _aMayo, Waldo
_934327
245 _aTchaikovsky /
260 _aBuenos Aires :
_bEDHASA,
300 _a39 páginas ;
_bilustraciones en color,
_c20 cm.
650 _aRusia
_9499
650 _aLiteratura Rusa
_910457
650 _aLiteratura infantil
_9588
942 _2ddc
_cLIBROS
945 _arcc